| 000 | 01074nam a22002417a 4500 | ||
|---|---|---|---|
| 001 | 5057 | ||
| 003 | FISKH | ||
| 005 | 20241104110957.0 | ||
| 008 | 241104b cb ||||| |||| 00| 0 eng d | ||
| 020 | _a9780575075580 | ||
| 040 |
_aFISKH _beng _cFISKH _dFISKH |
||
| 050 | _aPN6231.P3 | ||
| 082 | _a813.6 | ||
| 100 | _aGerber, Michael | ||
| 245 |
_aBarry Trotter and the Unnecessary Sequel / _cby Michael Gerber |
||
| 260 |
_aLondon : _bGollancz ; _c2003. |
||
| 300 |
_a328 pages : _billustrations ; _c17 cm . |
||
| 490 |
_aBarry Trotter _vBook 2 |
||
| 520 | _aBarry Trotter saved the Hogwash school for Wizards from the unwelcome attentions of Hollywood in BARRY TROTTER AND THE SHAMELESS PARODY. But things move on. Barry and Ermine Cringer have got married and have had two relatively delightful children. Their eldest is a skilled magician. But the youngest doesn't seem to possess any ability at all. Have Barry and Ermine given birth to a Muddle? Maybe magic isn't everything after all . . . | ||
| 650 |
_aparody _vfiction |
||
| 942 |
_2ddc _cBK _n0 |
||
| 999 |
_c5057 _d5057 |
||